[Event "LTU ch  (B18)"]
[Site "Vilnius"]
[Date "2016.03.18"]
[Round "1.1"]
[White "Liutvinas, Laurynas"]
[Black "Stremavicius, Titas"]
[Result "0-1"]
[WhiteElo "1672"]
[BlackElo "2468"]
[PlyCount "62"]
[EventDate "2016.03.18"]

1. d4 f5 2. Nf3 Nf6 3. c4 g6 4. Nc3 Bg7 5. g3 O-O 6. Bg2 d6 7. O-O Nc6 8. b3
Ne4 9. Bb2 e6 10. e3 d5 11. Nd2 a5 12. Ndxe4 dxe4 13. f3 exf3 14. Bxf3 Nb4 15.
a3 Na6 16. Ne2 c6 17. e4 Qg5 18. Qc1 Qxc1 19. Raxc1 Nc5 20. Rcd1 fxe4 21. dxc5
exf3 22. Nd4 e5 23. Nxf3 Bg4 24. Bxe5 Rxf3 25. Bxg7 Rxf1+ 26. Rxf1 Kxg7 27. Re1
Kf6 28. Kg2 Rd8 29. Rf1+ Kg7 30. Rf2 Rd3 31. Rb2 Bd1 0-1

[Event "LTU ch  (B18)"]
[Site "Vilnius"]
[Date "2016.03.18"]
[Round "1.2"]
[White "Miknevicius, Laurynas"]
[Black "Janulaitis, Albertas"]
[Result "1/2-1/2"]
[WhiteElo "2098"]
[BlackElo "1644"]
[PlyCount "63"]
[EventDate "2016.03.18"]

1. d4 Nf6 2. Nf3 d5 3. c4 e6 4. Nc3 c6 5. Bg5 Nbd7 6. cxd5 exd5 7. e3 Bd6 8.
Qc2 h6 9. Bh4 O-O 10. Bd3 Qc7 11. O-O-O b5 12. Kb1 a5 13. Rc1 Qb6 14. Bg3 Be7
15. h3 a4 16. Bh2 Ba6 17. Rhd1 Rfc8 18. Ne5 Nxe5 19. Bxe5 Nd7 20. Bf5 Nxe5 21.
Bxc8 Nc4 22. Bf5 Ba3 23. b3 axb3 24. Qxb3 Bxc1 25. Kxc1 b4 26. Na4 Qa5 27. Nc5
Bb5 28. Bb1 Na3 29. Rd2 Bc4 30. Qb2 Nb5 31. Nb3 Qa4 32. Nc5 1/2-1/2

[Event "LTU ch  (B18)"]
[Site "Vilnius"]
[Date "2016.03.18"]
[Round "1.3"]
[White "Rudzkis, Mazvydas"]
[Black "Sidabras, Jonas"]
[Result "0-1"]
[WhiteElo "1416"]
[BlackElo "1949"]
[PlyCount "80"]
[EventDate "2016.03.18"]

1. d4 d5 2. Nf3 Nf6 3. Bf4 c6 4. e3 Bf5 5. c4 e6 6. Nc3 Nbd7 7. Be2 Be7 8. O-O
O-O 9. h3 h6 10. Rc1 Ne4 11. Nxe4 Bxe4 12. Ne5 Nxe5 13. Bxe5 Qb6 14. cxd5 exd5
15. Bd3 f6 16. Bg3 f5 17. Rc3 Bxd3 18. Qxd3 a5 19. Rb3 Qa7 20. a3 Rad8 21. Bc7
Rd7 22. Bb6 Qa8 23. Rc1 Bd6 24. Bc5 f4 25. Bxd6 Rxd6 26. e4 dxe4 27. Qxe4 Rf7
28. Re1 Qd8 29. Qe8+ Qxe8 30. Rxe8+ Kh7 31. Re4 g5 32. Rf3 Rfd7 33. Rd3 Kg6 34.
a4 Kf6 35. g3 fxg3 36. fxg3 Re6 37. Rxe6+ Kxe6 38. Kf2 Kd5 39. Ke3 Kc4 40. Ke4
Re7+ 0-1

[Event "LTU ch  (B18)"]
[Site "Vilnius"]
[Date "2016.03.18"]
[Round "1.4"]
[White "Bucinskas, Lukas"]
[Black "Skerba, Gediminas"]
[Result "1-0"]
[WhiteElo "1890"]
[BlackElo "1387"]
[PlyCount "37"]
[EventDate "2016.03.18"]

1. c4 e5 2. Nc3 Nf6 3. g3 Bc5 4. Bg2 d6 5. d3 O-O 6. Nf3 Nc6 7. O-O Bf5 8. h3
Qd7 9. Kh2 h6 10. e4 Bg6 11. Ne2 Nd4 12. Nfxd4 Bxd4 13. Nxd4 exd4 14. f4 Qe7
15. Qf3 Nd7 16. g4 f6 17. Bd2 Rf7 18. Qg3 Raf8 19. e5 1-0

[Event "LTU ch  (B18)"]
[Site "Vilnius"]
[Date "2016.03.19"]
[Round "2.1"]
[White "Stremavicius, Titas"]
[Black "Bucinskas, Lukas"]
[Result "1/2-1/2"]
[WhiteElo "2468"]
[BlackElo "1890"]
[PlyCount "44"]
[EventDate "2016.03.18"]

1. c4 c5 2. Nc3 d6 3. g3 g6 4. Bg2 Bg7 5. a3 a5 6. Nf3 Nf6 7. O-O O-O 8. d4 Na6
9. h3 Bd7 10. Be3 Rc8 11. dxc5 Nxc5 12. Nd4 Ne6 13. Bxb7 Rxc4 14. Ba6 Rxd4 15.
Bxd4 Nxd4 16. Qxd4 Bxh3 17. Bc4 Bxf1 18. Rxf1 Qd7 19. Nd5 Nxd5 20. Qxd5 Bxb2
21. Qxa5 Rc8 22. Qb4 Bxa3 1/2-1/2

[Event "LTU ch  (B18)"]
[Site "Vilnius"]
[Date "2016.03.19"]
[Round "2.3"]
[White "Eigminas, Kipras"]
[Black "Miknevicius, Laurynas"]
[Result "1/2-1/2"]
[WhiteElo "1779"]
[BlackElo "2098"]
[PlyCount "182"]
[EventDate "2016.03.18"]

1. e4 c5 2. Nf3 g6 3. d3 Bg7 4. Nbd2 Nc6 5. g3 d6 6. Bg2 Rb8 7. O-O Nf6 8. Re1
O-O 9. Nf1 e5 10. h3 d5 11. exd5 Nxd5 12. Ne3 Nxe3 13. Bxe3 b6 14. Qd2 Re8 15.
Ng5 Bb7 16. f4 Nd4 17. fxe5 Bxg2 18. Qxg2 Rxe5 19. Ne4 f5 20. c3 Ne6 21. Nf2
Qd7 22. Bd2 Re8 23. Rxe5 Bxe5 24. Qf3 Qc7 25. Kg2 Ng7 26. Re1 Qd7 27. Re2 Bf6
28. Rxe8+ Nxe8 29. Bf4 Kf7 30. Kf1 Ng7 31. Be3 h5 32. h4 Ne6 33. Ke2 Be5 34.
Nh3 Qc7 35. Nf4 Bxf4 36. Bxf4 Qd7 37. Be5 Nd8 38. Qe3 Nc6 39. Bf4 Qd5 40. b3 a6
41. Bc7 b5 42. Bb6 c4 43. bxc4 bxc4 44. d4 Qg2+ 45. Qf2 Qxf2+ 46. Kxf2 Ne7 47.
Ba5 Nd5 48. a3 f4 49. gxf4 Ke6 50. Kf3 Kf5 51. Bb4 Nxf4 52. Ke3 Nd5+ 53. Kf3
Nf6 54. Ba5 Nd7 55. Bd8 Nf8 56. Be7 Nd7 57. Bd8 Nb8 58. Bc7 Nd7 59. Bd8 Nb8 60.
Bc7 Nc6 61. d5 Ne5+ 62. Ke3 Nd7 63. Kd4 g5 64. hxg5 Kxg5 65. Kxc4 Kf6 66. Kb4
h4 67. c4 h3 68. Bh2 Ne5 69. c5 Nf3 70. c6 Ke7 71. d6+ Kd8 72. c7+ Kd7 73. Bg3
h2 74. Bxh2 Nxh2 75. Ka5 Nf3 76. Kxa6 Kc8 77. Kb5 Nd4+ 78. Kc5 Ne6+ 79. Kb6 Nd4
80. a4 Nf5 81. Kc6 Nd4+ 82. Kd5 Nc6 83. Kc5 Na5 84. Kd5 Nc6 85. Ke6 Nd4+ 86.
Kf6 Nc6 87. Kf7 Kd7 88. c8=Q+ Kxc8 89. Ke8 Kb7 90. Kd7 Kb6 91. a5+ Nxa5 1/2-1/2

[Event "LTU ch  (B18)"]
[Site "Vilnius"]
[Date "2016.03.19"]
[Round "2.4"]
[White "Janulaitis, Albertas"]
[Black "Liutvinas, Laurynas"]
[Result "1-0"]
[WhiteElo "1644"]
[BlackElo "1672"]
[PlyCount "88"]
[EventDate "2016.03.18"]

1. d4 g6 2. c4 Bg7 3. Nf3 Nf6 4. e3 d6 5. Nc3 O-O 6. Bd3 Nbd7 7. O-O b6 8. Qc2
Bb7 9. Ne4 Nxe4 10. Bxe4 Bxe4 11. Qxe4 e5 12. Qc2 Qe7 13. b3 Rfe8 14. Bb2 e4
15. Nd2 f5 16. Rae1 c5 17. Re2 Qg5 18. Rfe1 Re7 19. f3 cxd4 20. fxe4 d3 21.
Qxd3 Bxb2 22. Qd5+ Kg7 23. Nf3 Qf6 24. Qxa8 fxe4 25. Nd2 Be5 26. Nxe4 Bxh2+ 27.
Kxh2 Qh4+ 28. Kg1 Rxe4 29. Qc8 Ne5 30. Rf1 Kh6 31. Qh3 Qxh3 32. gxh3 Kg7 33.
Rf4 Rxf4 34. exf4 Nd3 35. Re7+ Kf6 36. Rxa7 Nxf4 37. Rxh7 d5 38. cxd5 Nxd5 39.
Rd7 Ke6 40. Ra7 g5 41. Kg2 Kf5 42. Kg3 Nf6 43. Rf7 Ke6 44. Rxf6+ Kxf6 1-0

[Event "LTU ch  (B18)"]
[Site "Vilnius"]
[Date "2016.03.19"]
[Round "2.5"]
[White "Skerba, Gediminas"]
[Black "Rudzkis, Mazvydas"]
[Result "1-0"]
[WhiteElo "1387"]
[BlackElo "1416"]
[PlyCount "65"]
[EventDate "2016.03.18"]

1. e4 c5 2. Nf3 g6 3. Bc4 Bg7 4. c3 Nc6 5. O-O Nf6 6. d3 O-O 7. Be3 d6 8. h3
Na5 9. Nbd2 Nxc4 10. Nxc4 b5 11. Ncd2 Qc7 12. Qc2 d5 13. d4 dxe4 14. Nxe4 Nxe4
15. Qxe4 Bb7 16. Qg4 f5 17. Qf4 Qxf4 18. Bxf4 Bxf3 19. gxf3 cxd4 20. cxd4 Bxd4
21. Rab1 e5 22. Be3 Rfd8 23. Rfd1 Rac8 24. Bg5 Rd7 25. Rd2 f4 26. Rbd1 Rf7 27.
Bh6 Rf5 28. h4 Kf7 29. Kg2 Ke6 30. Re1 Rf7 31. Rxd4 Kf5 32. Rd5 Re7 33. Rxb5
1-0

[Event "LTU ch  (B18)"]
[Site "Vilnius"]
[Date "2016.03.20"]
[Round "3.1"]
[White "Bucinskas, Lukas"]
[Black "Sidabras, Jonas"]
[Result "1/2-1/2"]
[WhiteElo "1890"]
[BlackElo "1949"]
[PlyCount "57"]
[EventDate "2016.03.18"]

1. d4 d5 2. c4 c6 3. Nc3 Nf6 4. e3 e6 5. Nf3 Be7 6. Be2 O-O 7. O-O Nbd7 8. cxd5
cxd5 9. Ne5 Nxe5 10. dxe5 Ne4 11. f4 b6 12. Bd3 Bb7 13. Rf3 g6 14. Rh3 Rc8 15.
Ne2 Bh4 16. g3 Be7 17. g4 f6 18. Nd4 Nc5 19. Nf3 f5 20. gxf5 exf5 21. Nd4 Rf7
22. Rg3 Ne4 23. Bxe4 dxe4 24. b3 Rg7 25. Bb2 Bd5 26. Kh1 Bc5 27. Rg2 Bxd4 28.
Bxd4 Be6 29. Rc1 1/2-1/2

[Event "LTU ch  (B18)"]
[Site "Vilnius"]
[Date "2016.03.20"]
[Round "3.2"]
[White "Janulaitis, Albertas"]
[Black "Eigminas, Kipras"]
[Result "1-0"]
[WhiteElo "1644"]
[BlackElo "1779"]
[PlyCount "51"]
[EventDate "2016.03.18"]

1. d4 d5 2. Nf3 Nf6 3. e3 Bf5 4. c4 e6 5. Nc3 c6 6. Be2 Nbd7 7. Ne5 Nxe5 8.
dxe5 Ne4 9. Nxe4 Bxe4 10. O-O Bc5 11. f3 Bg6 12. a3 Qb6 13. Qd2 a5 14. cxd5
cxd5 15. Kh1 Rc8 16. Bd3 Bxe3 17. Qxe3 Qxe3 18. Bb5+ Ke7 19. Bxe3 Rc2 20. Bd4
Rhc8 21. Bc3 f6 22. Rac1 Rxc1 23. Rxc1 Kf7 24. Re1 fxe5 25. Rxe5 d4 26. Bxd4
1-0

[Event "LTU ch  (B18)"]
[Site "Vilnius"]
[Date "2016.03.20"]
[Round "3.5"]
[White "Liutvinas, Laurynas"]
[Black "Skerba, Gediminas"]
[Result "1-0"]
[WhiteElo "1672"]
[BlackElo "1387"]
[PlyCount "105"]
[EventDate "2016.03.18"]

1. Nf3 d5 2. d4 Bg4 3. e3 Nf6 4. c4 e6 5. Nbd2 Nbd7 6. c5 c6 7. b4 Be7 8. Be2
O-O 9. Qa4 Ne4 10. Nxe4 dxe4 11. Nd2 Bxe2 12. Kxe2 f5 13. Bb2 Nf6 14. b5 Qc7
15. Nc4 Nd7 16. bxc6 bxc6 17. Qa5 Rfc8 18. Bc3 Rab8 19. Qxc7 Rxc7 20. Na5 Bf6
21. Kd2 Kf7 22. Rab1 Rxb1 23. Rxb1 Be7 24. Nb7 Rc8 25. a4 Rb8 26. Kc2 g6 27.
Be1 e5 28. f3 f4 29. exf4 exd4 30. fxe4 Nxc5 31. Nxc5 Rxb1 32. Kxb1 Bxc5 33. a5
Ke6 34. Kc2 h5 35. Kd3 a6 36. h3 Ba7 37. g4 c5 38. gxh5 gxh5 39. f5+ Kf6 40.
Bh4+ Kf7 41. Bd8 Bb8 42. Bg5 Be5 43. Kc4 Bd6 44. Kd5 Be7 45. Bf4 Kf6 46. h4 Kf7
47. Bg3 Kf6 48. Be1 Kf7 49. e5 Bf8 50. Bd2 Ke8 51. f6 Kd7 52. e6+ Ke8 53. e7
1-0

[Event "LTU ch  (B18)"]
[Site "Vilnius"]
[Date "2016.03.21"]
[Round "4.1"]
[White "Stremavicius, Titas"]
[Black "Janulaitis, Albertas"]
[Result "1-0"]
[WhiteElo "2468"]
[BlackElo "1644"]
[PlyCount "45"]
[EventDate "2016.03.18"]

1. d4 d5 2. c4 e6 3. Nc3 Nf6 4. cxd5 exd5 5. Bg5 Bb4 6. e3 c6 7. Bd3 O-O 8. Qd2
h6 9. Bh4 Nbd7 10. Nf3 c5 11. O-O c4 12. Bh7+ Kh8 13. Nxd5 g5 14. Nxg5 hxg5 15.
Bxg5 Be7 16. Nxe7 Qxe7 17. Bf5 Rg8 18. h4 Qb4 19. e4 Nh5 20. e5 Nf8 21. Be4 Ne6
22. Qd1 Nxg5 23. Qxh5+ 1-0

[Event "LTU ch  (B18)"]
[Site "Vilnius"]
[Date "2016.03.21"]
[Round "4.2"]
[White "Sidabras, Jonas"]
[Black "Miknevicius, Laurynas"]
[Result "0-1"]
[WhiteElo "1949"]
[BlackElo "2098"]
[PlyCount "150"]
[EventDate "2016.03.18"]

1. d4 d5 2. Nf3 c6 3. c4 dxc4 4. a4 e6 5. g3 b5 6. Bg2 Bb7 7. O-O Nd7 8. e4
Ngf6 9. Re1 Be7 10. b3 cxb3 11. Qxb3 a6 12. Ba3 O-O 13. Nbd2 Nb6 14. Bc5 Nfd7
15. Bxe7 Qxe7 16. a5 Nc8 17. Rac1 e5 18. dxe5 Nxe5 19. Qc3 Nxf3+ 20. Bxf3 Rd8
21. e5 Na7 22. Nb3 Bc8 23. Nc5 Rb8 24. Qb3 Re8 25. Qb4 Qc7 26. Rcd1 h6 27. Rd6
Ra8 28. Qd4 Qxa5 29. Re4 Bf5 30. Rf4 Qe1+ 31. Kg2 Qxe5 32. Nxa6 Qxd4 33. Rdxd4
Re5 34. Nb4 Rc8 35. Rd6 c5 36. Na6 Be6 37. Rb6 g5 38. Re4 Rxe4 39. Bxe4 c4 40.
Rb7 c3 41. Nc7 Nc6 42. Nxe6 fxe6 43. Rxb5 Nd4 44. Rb1 Kf7 45. Rc1 Nb3 46. Rc2
Nd4 47. Rc1 Ke7 48. f3 Kd6 49. Kf2 Nb3 50. Rc2 Nd4 51. Rc1 Nb5 52. Ke3 Rc5 53.
Kd3 Ke5 54. Ba8 Kf6 55. Be4 Rc7 56. Ba8 h5 57. h3 h4 58. gxh4 gxh4 59. Be4 c2
60. Kd2 Nd4 61. Bxc2 Rxc2+ 62. Rxc2 Nxc2 63. Kxc2 Ke5 64. Kd2 Kf4 65. Ke2 Kg3
66. Ke3 Kxh3 67. Kf2 e5 68. f4 exf4 69. Kf3 Kh2 70. Kf2 h3 71. Kf1 Kg3 72. Kg1
Kf3 73. Kh2 Ke2 74. Kxh3 f3 75. Kg4 f2 0-1

[Event "LTU ch  (B18)"]
[Site "Vilnius"]
[Date "2016.03.21"]
[Round "4.3"]
[White "Eigminas, Kipras"]
[Black "Bucinskas, Lukas"]
[Result "0-1"]
[WhiteElo "1779"]
[BlackElo "1890"]
[PlyCount "119"]
[EventDate "2016.03.18"]

1. g3 d5 2. Nf3 c5 3. Bg2 Nc6 4. O-O Nf6 5. d3 g6 6. Nbd2 Bg7 7. Re1 O-O 8. c3
b5 9. e4 e6 10. exd5 exd5 11. Nb3 c4 12. Nbd4 Nxd4 13. Nxd4 Bg4 14. Qc2 Qd7 15.
b3 Rac8 16. a4 cxb3 17. Qxb3 bxa4 18. Qc2 Ne4 19. dxe4 Bxd4 20. Bb2 Bxc3 21.
Bxc3 d4 22. h3 Rxc3 23. Qxa4 Be6 24. Qxd7 Bxd7 25. Rxa7 Be6 26. Ra4 Rd8 27.
Rea1 Rcc8 28. Bf3 d3 29. Kg2 d2 30. Bd1 Rc1 31. Kf3 Bxh3 32. Ke2 Kg7 33. f3 Be6
34. R4a3 Bc4+ 35. Ke3 Rd7 36. f4 h6 37. g4 h5 38. gxh5 gxh5 39. Ra5 Rd3+ 40.
Kf2 Rxa1 41. Rxa1 Rc3 42. Ra4 Rc1 43. Ke3 Rxd1 44. Ra5 h4 45. Rh5 Rf1 46. Kxd2
Rxf4 47. Ke3 Rg4 48. Kf3 Be6 49. Re5 Rg6 50. Kf4 h3 51. Rh5 Rh6 52. Rg5+ Kf6
53. Rg1 Rh4+ 54. Kf3 h2 55. Rh1 Ke5 56. Kg2 Kxe4 57. Re1+ Kd3 58. Kg3 Rh3+ 59.
Kf2 Bc4 60. Rc1 0-1

[Event "LTU ch  (B18)"]
[Site "Vilnius"]
[Date "2016.03.22"]
[Round "5.1"]
[White "Miknevicius, Laurynas"]
[Black "Stremavicius, Titas"]
[Result "1/2-1/2"]
[WhiteElo "2098"]
[BlackElo "2468"]
[PlyCount "16"]
[EventDate "2016.03.18"]

1. d4 f5 2. Nf3 Nf6 3. g3 e6 4. Bg2 d5 5. O-O Bd6 6. c4 c6 7. b3 Qe7 8. a4 a5
1/2-1/2

Nxe5 10. Bxe5 Qd7 11. c4 dxc4 12. bxc4 Bd3 13. Bd4 Bxe2 14. Qxe2 c5
15. Be5 O-O-O 16. Nc3 a6 17. Qf3 Nxg4 18. Qxg4 f6 19. Rf2 fxe5 20. fxe5 h5 21.
Qg2 Qc7 22. Rb1 g5 23. Ne4 Be7 24. Rf7 Rd7 25. Nd6+ Bxd6 26. exd6 Qc6 27. Qxc6+
bxc6 28. Rb8+ Kxb8 29. Rxd7 Kc8 30. Rc7+ Kd8 31. Rxc6 Kd7 32. Rxc5 g4 33. Ra5
Kxd6 34. d4 h4 35. Rg5 g3 36. hxg3 hxg3 37. Rxg3 Rb8 38. Kf2 Rb2+ 39. Kf3 Rxa2
40. c5+ Kd5 41. Rg7 Kc6 42. Re7 a5 43. Rxe6+ Kb7 44. Ke4 a4 45. Rb6+ Ka7 46.
Kd5 a3 47. Rb3 Ra1 48. c6 a2 49. Rb2 1/2-1/2

[Event "LTU ch  (B18)"]
[Site "Vilnius"]
[Date "2016.03.22"]
[Round "5.2"]
[White "Bucinskas, Lukas"]
[Black "Janulaitis, Albertas"]
[Result "0-1"]
[WhiteElo "1890"]
[BlackElo "1644"]
[PlyCount "96"]
[EventDate "2016.03.18"]

1. c4 c6 2. d4 d5 3. Nc3 Nf6 4. e3 e6 5. Nf3 Nbd7 6. Bd3 g6 7. O-O Bg7 8. b4
dxc4 9. Bxc4 Nb6 10. Bb3 Nbd5 11. Nxd5 exd5 12. a4 O-O 13. Ne5 Ne4 14. Nd3 Re8
15. Re1 Bf5 16. f3 Nd6 17. Nf2 b5 18. axb5 Nxb5 19. Bb2 Qb6 20. Ra2 Re7 21. Qa1
Rae8 22. g4 Nxd4 23. Bd1 Qxb4 24. Rf1 Rxe3 25. gxf5 Nxf5 26. Bxg7 Nxg7 27. Ng4
R3e6 28. Nf6+ Rxf6 29. Qxf6 Qc5+ 30. Kh1 Qc4 31. Raf2 Nh5 32. Qb2 Nf4 33. Bb3
Qb5 34. Qb1 c5 35. Qd1 Re3 36. Ba4 Qb4 37. Qd2 Qa3 38. Bc6 d4 39. Qb2 Nd3 40.
Qb8+ Kg7 41. Rc2 Nb4 42. Rxc5 Na6 43. Qxa7 Nxc5 44. Qc7 Ne6 45. Qd7 Qd3 46. Bb5
Qf5 47. Bc6 Qf4 48. Bd5 Re2 0-1

[Event "LTU ch  (B18)"]
[Site "Vilnius"]
[Date "2016.03.22"]
[Round "5.3"]
[White "Skerba, Gediminas"]
[Black "Sidabras, Jonas"]
[Result "0-1"]
[WhiteElo "1387"]
[BlackElo "1949"]
[PlyCount "40"]
[EventDate "2016.03.18"]

1. e4 e6 2. d3 d5 3. Nd2 c5 4. g3 Nc6 5. Bg2 Nf6 6. Ngf3 g6 7. O-O Bg7 8. Re1
O-O 9. Qe2 b6 10. c3 Ba6 11. h4 dxe4 12. Nxe4 Qxd3 13. Qxd3 Bxd3 14. Nxc5 bxc5
15. Ne5 Nxe5 16. Bxa8 Rxa8 17. Rxe5 Ne4 18. Rxe4 Bxe4 19. Be3 c4 20. Rd1 Bd5
0-1

[Event "LTU ch  (B18)"]
[Site "Vilnius"]
[Date "2016.03.22"]
[Round "5.4"]
[White "Liutvinas, Laurynas"]
[Black "Rudzkis, Mazvydas"]
[Result "0-1"]
[WhiteElo "1672"]
[BlackElo "1416"]
[PlyCount "46"]
[EventDate "2016.03.18"]

1. d4 Nf6 2. Nf3 e6 3. c4 d5 4. Nc3 Bb4 5. Qb3 Bxc3+ 6. bxc3 O-O 7. cxd5 exd5
8. Bg5 Nbd7 9. Ne5 Re8 10. Nxd7 Bxd7 11. Bxf6 Qxf6 12. Qxd5 Rad8 13. Qf3 Qb6
14. Qf4 Bf5 15. Qd2 c5 16. Rd1 cxd4 17. cxd4 Rc8 18. f3 Rc2 19. Qf4 Qb2 20. e4
Qc3+ 21. Rd2 Bxe4 22. Be2 Bd3 23. O-O Qxd2 0-1

[Event "LTU ch  (B18)"]
[Site "Vilnius"]
[Date "2016.03.23"]
[Round "6.1"]
[White "Stremavicius, Titas"]
[Black "Sidabras, Jonas"]
[Result "1-0"]
[WhiteElo "2468"]
[BlackElo "1949"]
[PlyCount "97"]
[EventDate "2016.03.18"]

1. b3 d5 2. Bb2 c6 3. e3 Bf5 4. f4 Nf6 5. Nf3 Nbd7 6. Be2 e6 7. O-O Qc7 8. Ne5
Bg6 9. g4 Nxe5 10. Bxe5 Qd7 11. c4 dxc4 12. bxc4 Bd3 13. Bd4 Bxe2 14. Qxe2 c5
15. Be5 O-O-O 16. Nc3 a6 17. Qf3 Nxg4 18. Qxg4 f6 19. Rf2 fxe5 20. fxe5 h5 21.
Qg2 Qc7 22. Rb1 g5 23. Ne4 Be7 24. Rf7 Rd7 25. Nd6+ Bxd6 26. exd6 Qc6 27. Qxc6+
bxc6 28. Rb8+ Kxb8 29. Rxd7 Kc8 30. Rc7+ Kd8 31. Rxc6 Kd7 32. Rxc5 g4 33. Ra5
Kxd6 34. d4 h4 35. Rg5 g3 36. hxg3 hxg3 37. Rxg3 Rb8 38. Kf2 Rb2+ 39. Kf3 Rxa2
40. c5+ Kd5 41. Rg7 Kc6 42. Re7 a5 43. Rxe6+ Kb7 44. Ke4 a4 45. Rb6+ Ka7 46.
Kd5 a3 47. Rb3 Ra1 48. c6 a2 49. Rb2 1-0

[Event "LTU ch  (B18)"]
[Site "Vilnius"]
[Date "2016.03.23"]
[Round "6.2"]
[White "Bucinskas, Lukas"]
[Black "Miknevicius, Laurynas"]
[Result "1/2-1/2"]
[WhiteElo "1890"]
[BlackElo "2098"]
[PlyCount "34"]
[EventDate "2016.03.18"]

1. b4 c6 2. Bb2 Qb6 3. a3 a5 4. c3 Nf6 5. e3 d5 6. Nf3 Bg4 7. Be2 Nbd7 8. O-O
e5 9. h3 Bxf3 10. Bxf3 e4 11. Be2 Bd6 12. d3 O-O 13. Nd2 exd3 14. Bxd3 Ne5 15.
Be2 Rfe8 16. Rb1 Qc7 17. c4 axb4 1/2-1/2

[Event "LTU ch  (B18)"]
[Site "Vilnius"]
[Date "2016.03.23"]
[Round "6.3"]
[White "Janulaitis, Albertas"]
[Black "Rudzkis, Mazvydas"]
[Result "1-0"]
[WhiteElo "1644"]
[BlackElo "1416"]
[PlyCount "85"]
[EventDate "2016.03.18"]

1. d4 Nf6 2. c4 e6 3. Nc3 Bb4 4. Qc2 d5 5. a3 Bxc3+ 6. bxc3 O-O 7. Bg5 h6 8.
Bh4 Nbd7 9. e3 c5 10. Nf3 Qa5 11. Bd3 dxc4 12. Bxc4 cxd4 13. Bxf6 Nxf6 14. exd4
b6 15. O-O Bb7 16. Ne5 Rac8 17. Rfc1 Rfd8 18. Qb2 Nd7 19. Re1 Nxe5 20. Rxe5 Qa4
21. Bb5 Qa5 22. Rc1 Rd5 23. Rxd5 Bxd5 24. Qb4 Qxb4 25. axb4 Bc4 26. Bxc4 Rxc4
27. Kf1 Kf8 28. Ke2 b5 29. Kd3 Ke7 30. Ra1 Rc7 31. Ra5 Rb7 32. f4 Kd6 33. Ke4
f5+ 34. Kd3 g5 35. g3 Kc6 36. Ra6+ Kd5 37. Ra5 Kc6 38. c4 bxc4+ 39. Kxc4 Kb6
40. Re5 Rc7+ 41. Kd3 Re7 42. d5 Kc7 43. dxe6 1-0